00471nam a2200181Ia 4500003000400000005001700004008004100021020001700062040000700079041000800086082002100094100001700115245007100132260003700203300001700240365001300257650001900270OSt20230320104256.0210423s2008 xx 000 0 und d a100770617880 cAL aeng a620.5 223bPRAN aPRADEEP (T). aNano: the essentials understanding nanoscience and nanotechnology. aNew DelhibTata McGrawhillc2008 axvii,444bPB b450cINR aNanotechnology